[Event "EGY-ch Masters"]
[Site "Cairo"]
[Date "2009.11.17"]
[Round "3.1"]
[White "Hassan, Wael"]
[Black "Sayed, Hany"]
[Result "0-1"]
[WhiteElo "2051"]
[BlackElo "2132"]
[PlyCount "114"]
[EventDate "2009.11.15"]
[EventType "swiss"]
[EventRounds "8"]
[EventCountry "EGY"]
[SourceTitle "EXT 2024"]
[Source "ChessBase"]
[SourceDate "2023.10.10"]
[SourceVersion "1"]
[SourceVersionDate "2023.10.10"]
[SourceQuality "1"]

1. d4 Nf6 2. b3 g6 3. Bb2 Bg7 4. e3 0-0 5. Bd3 c5 6. Nf3 cxd4 7. exd4 Nd5 8. Qd2 Qc7 9. g3 a5 10. a3 a4 11. b4 Nb6 12. Qe2 d6 13. h3 e5 14. dxe5 dxe5 15. Bxe5 Bxe5 16. Nxe5 Re8 17. f4 f6 18. Nd2 fxe5 19. Ne4 N8d7 20. 0-0 Kg7 21. f5 Nd5 22. c4 N5f6 23. fxg6 hxg6 24. c5 Nxe4 25. Qxe4 Qc6 26. Qe2 e4 27. Rad1 Qc7 28. Kh2 Nf6 29. Rxf6 Kxf6 30. Bxe4 Qe5 31. Rd6+ Re6 32. Qf2+ Kg7 33. Rd8 Qf6 34. Qd4 Qxd4 35. Rxd4 Kf6 36. Bd3 b6 37. Bc4 bxc5 38. Rf4+ Ke7 39. Bxe6 Bxe6 40. bxc5 Ra5 41. g4 Bb3 42. Re4+ Kf6 43. c6 Rc5 44. h4 Rxc6 45. Re3 Rc4 46. Kg3 Bd1 47. g5+ Kf5 48. Rd3 Bh5 49. Re3 Rg4+ 50. Kh3 Rg1 51. Rc3 Ke6 52. Rc6+ Ke5 53. Rc3 Kd5 54. Rd3+ Ke4 55. Rc3 Kd4 56. Rg3 Ra1 57. Rg4+ Bxg4+ 0-1